Have these players ever played with Real Madrid? - Statistics

General Stats
  • This quiz has been taken 103 times
  • The average score is 8 of 13
Answers on the Grid
Answers color-coded by a green-red scale on the quiz's grid according to % correct below.
Ronaldo
Messi
Samuel Etoo
Figo
Morata
Pele
Kane
Maldini
Kovacic
Haaland
llorente
Mariano
Taremi
Lautaro Martinez
Ibrahimovic
Carlos Alberto
Goncalo Ramos
Malcolm
Fabinho
Ronaldo Nazario
Laudrap
Di Maria
Puskas
Maradona
Abraham
Dybala
Vallejo
Hagi
 
Answer Stats
Answer % Correct
Ronaldo
99%
Figo
92%
Morata
83%
Kovacic
66%
Samuel Etoo
58%
Di Maria
56%
Mariano
55%
Ronaldo Nazario
54%
llorente
51%
Puskas
45%
Vallejo
37%
Laudrap
31%
Hagi
27%
No matching quizzes found
Score Distribution
Percent of People with Each Score
Percentile by Number Answered
Your Score History
You have not taken this quiz